000 00456nam a22001217a 4500
008 230612b xxu||||| |||| 00| 0 eng d
082 _a354.676
_bGOK
100 _cGOK
245 _a2009/2010 District Allocation Budget of the ministry of state for provincial Administration and Internal Security
_bfor the year Ending 30th June 2010
_cVote R01 and D01
_hOffice of the President
260 _aNairobi, Kenya
_bGOK
_cJune 2010
300 _a143p
942 _2ddc
_cBK
999 _c1077
_d1077